| 000 -LEADER |
| fixed length control field |
00487nam a22001817a 4500 |
| 008 - FIXED-LENGTH DATA ELEMENTS--GENERAL INFORMATION |
| fixed length control field |
150708b xxu||||| |||| 00| 0 alb d |
| 020 ## - INTERNATIONAL STANDARD BOOK NUMBER |
| International Standard Book Number |
9789951599016 |
| 041 0# - LANGUAGE CODE |
| Language code of text/sound track or separate title |
alb |
| 080 ## - UNIVERSAL DECIMAL CLASSIFICATION NUMBER |
| Universal Decimal Classification number |
328 |
| 100 ## - Rafti |
| Rafti |
Bajrami, Arsim ; |
| 245 ## - TITLE STATEMENT |
| Title |
Parlamentarizmi : |
| Statement of responsibility, etc |
Arsim Bajrami. |
| 260 ## - |
| -- |
Prishtinë : |
| -- |
Kolegji FAMA ; |
| -- |
2010. |
| 300 ## - |
| -- |
514 f.; |
| -- |
24 cm. |
| 500 ## - |
| -- |
Parathënie: f. 17-20 |
| 650 #0 - |
| -- |
Parlamentarizmi |
| 650 #0 - |
| -- |
Qeveria |
| 942 ## - ADDED ENTRY ELEMENTS (KOHA) |
| Source of classification or shelving scheme |
|
| Item type |
Books |